| 000 | 00408nam a22001337a 4500 | ||
|---|---|---|---|
| 020 | _a0821320076 | ||
| 082 |
_a338.4762 _bKIM _cKirmani, Syed S. |
||
| 245 |
_aThe consulting profeswsion in developing countries _cKirmani, Syed S. |
||
| 260 |
_aWashington _bThe world bank _c1992 |
||
| 300 |
_aix, 79 p. : _bill, _c24 cm. |
||
| 526 |
_a0 _b0 _c0 _d338_476200000000000_KIM |
||
| 650 |
_aMCE _9379 |
||
| 942 |
_2ddc _cBK |
||
| 999 |
_c542113 _d542113 |
||